| 000 | 00647nam a2200217 a 4500 | ||
|---|---|---|---|
| 001 | 14015 | ||
| 003 | BD-RjUL | ||
| 005 | 20211208235545.0 | ||
| 008 | 140203t19661952nyua 001 0 eng d | ||
| 035 | _a(BD-RjUL)14067 | ||
| 040 |
_aBD-RjUL _beng _cBD-RjUL _dBD-RjUL |
||
| 041 | _aeng | ||
| 082 | 0 | 0 |
_219 _a621.3 _bHAE 1966 |
| 100 | 1 |
_aHarris, Forest K. _q(Forest Klaire) _943810 |
|
| 245 | 1 | 0 |
_aElectrical measurements / _cby Forest K. Harris |
| 260 |
_aNew York ; _aLondon : _bJohn wiley & sons, inc., _c1966 |
||
| 300 |
_axiii, 784 P. : _billus. ; _c23cm. |
||
| 504 | _aInclude index | ||
| 650 | 0 |
_aElectric measurements _927775 |
|
| 942 |
_2ddc _cBK |
||
| 999 |
_c14015 _d14015 |
||